Elements of insect ecology

Enregistré dans:
Détails bibliographiques
Auteurs principaux: Yazdani, S. S (Auteur), Agarwal, M. L (Auteur)
Format: Livre
Langue:anglais
Publié: Londres Narosa 1997
Sujets:
Tags: Ajouter un tag
Pas de tags, Soyez le premier à ajouter un tag!

MARC

LEADER 00000nam a2200000 a 4500
001 UCO8435
003 CL-VaPUC
008 001207e19970000UK |||||||||||||||||eng|d
082 0 4 |a 595.7  |b YAZ  |2 21 
100 0 |a Yazdani, S. S  |e author  |9 453376 
700 0 |a Agarwal, M. L  |e author  |9 453377 
245 1 0 |a Elements of insect ecology 
300 |a 210 p 
942 |c BK 
945 |d 20001207 00:00:00  |a vberengu 
260 |a Londres  |b Narosa  |c 1997 
650 0 |a Control biológico   |9 338554 
650 0 |a Insectos   |9 264174 
650 0 |a Medio ambiente  |9 257625 
650 0 |a Pesticidas  |9 358300 
650 7 |a POBLACION DE INSECTOS  |2 CL-VaPUC  |9 453378 
583 |a last modification  |c 20001207 00:00:00  |k Rodrigo Vera 
999 |c 293094  |d 293092 
952 |0 0  |1 0  |4 0  |6 595_700000000000000_YAZ_1997  |7 0  |8 A  |9 344281  |a BIBCUR  |b BIBCUR  |d 2019-11-20  |i 3672565  |o 595.7 YAZ 1997  |p 3672565  |r 2025-04-22  |w 2019-11-20  |y BK  |k BCB